|
|
|
|
| LEADER |
00000nlm0a2200000 4500 |
| 001 |
665680 |
| 005 |
20231102030758.0 |
| 035 |
|
|
|a (RuTPU)RU\TPU\network\36884
|
| 035 |
|
|
|a RU\TPU\network\17209
|
| 090 |
|
|
|a 665680
|
| 100 |
|
|
|a 20211029d2017 m y0rusy50 ca
|
| 101 |
0 |
|
|a rus
|
| 102 |
|
|
|a RU
|
| 105 |
|
|
|a a j 000zy
|
| 135 |
|
|
|a jrcn ---uucaa
|
| 181 |
|
0 |
|a i
|
| 182 |
|
0 |
|a b
|
| 200 |
1 |
|
|a Технико-экономический анализ деятельности предприятий
|e электронный курс
|f А. В. Сушко
|g Национальный исследовательский Томский политехнический университет (ТПУ), Юргинский технологический институт (филиал) (ЮТИ), Кафедра экономики и автоматизированных систем управления (ЭАСУ)
|
| 203 |
|
|
|a Текст
|c электронный
|
| 210 |
|
|
|a Томск
|c TPU Moodle
|d 2017
|
| 230 |
|
|
|a Электрон. дан.
|
| 300 |
|
|
|a Заглавие с экрана
|
| 333 |
|
|
|a Доступ по логину и паролю
|
| 606 |
1 |
|
|a Анализ хозяйственной деятельности
|2 stltpush
|3 (RuTPU)RU\TPU\subj\35844
|9 57416
|
| 610 |
1 |
|
|a электронный ресурс
|
| 610 |
1 |
|
|a труды учёных ТПУ
|
| 610 |
1 |
|
|a электронное обучение
|
| 610 |
1 |
|
|a электронные курсы ТПУ
|
| 610 |
1 |
|
|a учебные пособия
|
| 610 |
1 |
|
|a электронные учебные пособия
|
| 686 |
|
|
|a У053я73
|2 rubbk
|
| 700 |
|
1 |
|a Сушко
|b А. В.
|c экономист
|c ассистент кафедры Юргинского технологического института Томского политехнического университета
|f 1982-
|g Анастасия Викторовна
|2 stltpush
|3 (RuTPU)RU\TPU\pers\32579
|9 16500
|
| 712 |
0 |
2 |
|a Национальный исследовательский Томский политехнический университет (ТПУ)
|b Юргинский технологический институт (филиал) (ЮТИ)
|b Кафедра экономики и автоматизированных систем управления (ЭАСУ)
|h 360
|2 stltpush
|3 (RuTPU)RU\TPU\col\18900
|
| 801 |
|
2 |
|a RU
|b 63413507
|c 20220418
|g RCR
|
| 856 |
4 |
|
|u https://design.lms.tpu.ru/course/view.php?id=2053
|
| 942 |
|
|
|c CF
|